Click A Movie, Initially - Golden Globe Winners II Quiz Stats

 Plays Quiz not verified by Sporcle

Score 0/20 Timer 05:00
0 Plays Today
% Correct
Julie & Julia
76.3%
Serpico
74.5%
True Lies
73.8%
In Bruges
71.9%
Casino
67.4%
Hugo
66.8%
The Color Purple
58.8%
The Kids Are All Right
58.5%
Big Eyes
56.5%
The Towering Inferno
55.5%
% Correct
The Poseidon Adventure
55.4%
Primal Fear
54.4%
Love Story
52.6%
The Age Of Innocence
47.8%
To Die For
44.7%
Steel Magnolias
42.2%
The Player
38.4%
Nurse Betty
37.7%
The Sunshine Boys
34%
Transamerica
33.8%

You're not logged in!

Compare scores with friends on all Sporcle quizzes.
OR
Log In

You Might Also Like...

Show Comments

Extras

Top Quizzes Today


Score Distribution

Your Account Isn't Verified!

In order to create a playlist on Sporcle, you need to verify the email address you used during registration. Go to your Sporcle Settings to finish the process.

Report this User

Report this user for behavior that violates our Community Guidelines.

Details: